| 000 | 04791nam a22005177a 4500 | ||
|---|---|---|---|
| 005 | 20100415112456.0 | ||
| 010 | _aENG-96042 B-440906-918 | ||
| 020 |
_a9780070700673 _c425.00 |
||
| 020 |
_a0070700672 _c425.00 |
||
| 035 | _aEN-79575 | ||
| 035 | _a B-440906-918 | ||
| 037 | _bDBAD/PUB | ||
| 037 | _bResearchco Book Centre | ||
| 082 |
_a658.3124 _222 |
||
| 100 |
_aScannell, Edward E. _930974 |
||
| 245 |
_aBig book of brain-building games : _bfun activities to stimulate the brain--for better group learning, communication, and understanding / _cEdward Scannell & Carol Burnett. |
||
| 260 |
_aNew Delhi _bTata McGraw-Hill Education _c2010. |
||
| 270 |
_a7, West Patel Nagar _bNew Delhi _e110008 |
||
| 300 |
_aviii, 230 p. : _bill. ; _c24 cm.(pbk) |
||
| 500 | _aIncludes bibliographical references | ||
| 650 |
_aManagement games. _930975 |
||
| 650 |
_aSmall groups. _930976 |
||
| 650 |
_aGroup relations training. _930977 |
||
| 650 |
_aCognition _vProblems, exercises, etc. _930978 |
||
| 650 |
_aIntellect _vProblems, exercises, etc. _930979 |
||
| 700 |
_aBurnett, Carol _q(Carol A.), _d1947- _930346 |
||
| 942 |
_2ddc _cEN _h658.3124 _mSCA |
||
| 999 |
_c35271 _d35271 |
||